书目信息 |
| 题名: |
信息互操作系统理论与实现方法
|
|
| 作者: | 贾利民 , 张遂征,袁宝军 著 | |
| 分册: | ||
| 出版信息: | 北京 电子工业出版社 2013 |
|
| 页数: | 11,173页 | |
| 开本: | 24cm | |
| 丛书名: | ||
| 单 册: | ||
| 中图分类: | U495 | |
| 科图分类: | ||
| 主题词: | 交通运输管理--管理信息系统--研究 | |
| 电子资源: | ||
| ISBN: | 978-7-121-20704-4 | |
| 000 | 01450nam0 2200313 450 | |
| 001 | 0100140424 | |
| 005 | 20141020221121.0 | |
| 010 | @a978-7-121-20704-4@dCNY42.00 | |
| 100 | @a20130929d2013 em y0chiy50 ea | |
| 101 | 0 | @achi |
| 101 | 11 | @achi |
| 102 | @aCN@b110000 | |
| 105 | @aa z 000yy | |
| 106 | @ar | |
| 200 | 1 | @a信息互操作系统理论与实现方法@Axin xi hu cao zuo xi tong li lun yu shi xian fang fa@9xin xi hu cao zuo xi tong li lun yu shi xian fang fa@b专著@f贾利民,张遂征,袁宝军著@Fjia li min zhang sui zheng yuan bao jun zhu |
| 210 | @a北京@c电子工业出版社@d2013 | |
| 215 | @a11,173页@c图@d24cm | |
| 300 | @a国家“十一五”科技支撑计划课题(2009NAG13A01) | |
| 312 | @a封面英文题名:The theory and implementation of information interoperation systems | |
| 330 | @a本书从互操作本体出发,以独立系统实现信息互操作为目标,介绍了互操作概念系统、互操作模型、互操作度量方法、互操作语言、互操作系统结构、互操作系统运行模式和应用案例,讨论了互操作路由、互操作集群、负载均衡、跨域互操作、安全互操作、互操作任务完整性控制、互操作安全控制等实现技术与方法。 | |
| 510 | 1 | @aTheory and implementation of information interoperation systems@zeng |
| 540 | @a信息互操作系统理论与实现方法 | |
| 606 | 0 | @a交通运输管理@x管理信息系统@x研究 |
| 690 | @aU495@v5 | |
| 701 | 0 | @a贾利民@Ajia li min@4著 |
| 701 | 1 | @a张遂征,袁宝军@Azhang sui zheng , yuan bao jun@4著 |
| 801 | @aCN | |
| 901 | @a001 | |
| 905 | @b1103050-2@dU495@eJ244@f3@a241430 | |
| 信息互操作系统理论与实现方法/贾利民,张遂征,袁宝军著.-北京:电子工业出版社,2013 |
| 11,173页:图;24cm |
| 国家“十一五”科技支撑计划课题(2009NAG13A01) |
| ISBN 978-7-121-20704-4:CNY42.00 |
| 本书从互操作本体出发,以独立系统实现信息互操作为目标,介绍了互操作概念系统、互操作模型、互操作度量方法、互操作语言、互操作系统结构、互操作系统运行模式和应用案例,讨论了互操作路由、互操作集群、负载均衡、跨域互操作、安全互操作、互操作任务完整性控制、互操作安全控制等实现技术与方法。 |
| ● |
| 相关链接 |
|
|
|
正题名:信息互操作系统理论与实现方法
索取号:U495/J244
 
预约/预借
| 序号 | 登录号 | 条形码 | 馆藏地/架位号 | 状态 | 备注 |
| 1 | 1103050 | 211030506 | 自科二线504/ [索取号:U495/J244] | 在馆 | |
| 2 | 1103051 | 211030515 | 自科库501/501自科库 58排7列1层/ [索取号:U495/J244] | 在馆 | |
| 3 | 1103052 | 211030524 | 自科库501/501自科库 58排7列1层/ [索取号:U495/J244] | 在馆 |